Grafické listy pěti století : vybrané listy grafické sbírky : katalog výstavy, Praha, říjen 1966 /

Hlavní autor: Volková, Jiřina
Jazyk: Čeština
Vydáno: Praha : Národní galerie, 1967
Témata:
Fyzický popis: 41 s. ; 8°
Knihy
Uloženo v:
LEADER 01193nam a22003372a 4500
001 001630691
003 CZ BrMZK
005 20180626150324.0
007 ta
008 180525s1967 xr er|||||||||||cze d
015 |a cnb000446151 
035 |a (OCoLC)42146532 
040 |a ABA001  |b cze  |c BOA001  |d ABA001 
072 7 |a 76  |x Grafické umění. Grafika  |2 Konspekt  |9 21 
080 |a 76  |2 MRF 
080 |a (083.824)  |2 MRF 
100 1 |a Volková, Jiřina  |7 jk01150535  |4 com 
245 1 0 |a Grafické listy pěti století :  |b vybrané listy grafické sbírky : katalog výstavy, Praha, říjen 1966 /  |c sest. J. Volková ; úvod: Libuše Brožková ; snímky: S. Divišová 
260 |a Praha :  |b Národní galerie,  |c 1967 
300 |a 41 s. ;  |c 8° 
500 |a Obálka: Z. Adámek 
500 |a 1500 výt. 
504 |a Obsahuje bibliografii a rejstřík 
650 0 7 |a grafika  |7 ph120598  |2 czenas 
650 0 7 |a umělecké sbírky  |7 ph135222  |2 czenas 
653 0 |a grafické sbírky 
655 7 |a katalogy výstav  |7 fd132536  |2 czenas 
910 |a BOA001  |b X-0577.546 
990 |a BK 
991 |b 201805 
996 6 |b 2618934094  |c X-0577.546  |l MZK  |r Sklad / do 24 hodin  |n 0  |w 001666548  |u 000010  |a 1  |e BOA001  |j MZK50  |s P